00949 a2200241 4500010001400000020002300014020001800037035001300055082000800068090001500076100002000091245008600111246003300197260003800230300002900268500005000297650001600347856008300363856009100446942002300537999001500560952013200575 aENG-85293 a076193524Xc495.00 a9780761935247 aEN-6882614a658 c1872d18721 aTiwari, Sanjay,1 aThe (un)common sense of managementbfive skills and a sixth sensecSanjay Tiwari.1 aUncommon sense of management aNew DelhibResponse Books,c2006. a389 p. :bill. ;a25 cm. aIncludes bibliographical reference and index 0aManagement.413Table of contents onlyuhttp://www.loc.gov/catdir/toc/ecip0617/2006021734.html413Publisher descriptionuhttp://www.loc.gov/catdir/enhancements/fy0704/2006021734-d.html adplcENk658 / TIW c1840d1840 00102ddc40718NFICaDBADbDBADeDBAD/PUBg495.00l0o658 TIWpEN-68826r2008-09-15 00:00:00t1u1949v495.00w2008-09-15yEN